<?xml version="1.0" encoding="UTF-8"?><?xml-stylesheet type="text/xsl" href="static/style.xsl"?><OAI-PMH xmlns="http://www.openarchives.org/OAI/2.0/" xmlns:xsi="http://www.w3.org/2001/XMLSchema-instance" xsi:schemaLocation="http://www.openarchives.org/OAI/2.0/ http://www.openarchives.org/OAI/2.0/OAI-PMH.xsd"><responseDate>2026-04-17T01:24:35Z</responseDate><request verb="GetRecord" identifier="oai:www.recercat.cat:2072/97124" metadataPrefix="marc">https://recercat.cat/oai/request</request><GetRecord><record><header><identifier>oai:recercat.cat:2072/97124</identifier><datestamp>2026-01-21T14:45:04Z</datestamp><setSpec>com_2072_2016</setSpec><setSpec>com_2072_2015</setSpec><setSpec>col_2072_2017</setSpec></header><metadata><record xmlns="http://www.loc.gov/MARC21/slim" xmlns:dcterms="http://purl.org/dc/terms/" xmlns:xsi="http://www.w3.org/2001/XMLSchema-instance" xmlns:doc="http://www.lyncode.com/xoai" xsi:schemaLocation="http://www.loc.gov/MARC21/slim http://www.loc.gov/standards/marcxml/schema/MARC21slim.xsd">
   <leader>00925njm 22002777a 4500</leader>
   <datafield ind2=" " ind1=" " tag="042">
      <subfield code="a">dc</subfield>
   </datafield>
   <datafield ind2=" " ind1=" " tag="720">
      <subfield code="a">Castells Oliván, Manuel</subfield>
      <subfield code="e">author</subfield>
   </datafield>
   <datafield ind2=" " ind1=" " tag="720">
      <subfield code="a">Lupiáñez Villanueva, Francisco</subfield>
      <subfield code="e">author</subfield>
   </datafield>
   <datafield ind2=" " ind1=" " tag="720">
      <subfield code="a">Saigí Rubió, Francesc</subfield>
      <subfield code="e">author</subfield>
   </datafield>
   <datafield ind2=" " ind1=" " tag="720">
      <subfield code="a">Sánchez, Josefina</subfield>
      <subfield code="e">author</subfield>
   </datafield>
   <datafield ind2=" " ind1=" " tag="720">
      <subfield code="a">Fornieles Deu, Albert</subfield>
      <subfield code="e">author</subfield>
   </datafield>
   <datafield ind2=" " ind1=" " tag="720">
      <subfield code="a">Graells Colillas, Anna</subfield>
      <subfield code="e">author</subfield>
   </datafield>
   <datafield ind2=" " ind1=" " tag="720">
      <subfield code="a">Grau Corral, Imma</subfield>
      <subfield code="e">author</subfield>
   </datafield>
   <datafield ind2=" " ind1=" " tag="720">
      <subfield code="a">Jiménez, Carolina</subfield>
      <subfield code="e">author</subfield>
   </datafield>
   <datafield ind2=" " ind1=" " tag="720">
      <subfield code="a">Larrea Tárrega, Salomé</subfield>
      <subfield code="e">author</subfield>
   </datafield>
   <datafield ind2=" " ind1=" " tag="720">
      <subfield code="a">Utzet Sadurní, Mireia</subfield>
      <subfield code="e">author</subfield>
   </datafield>
   <datafield ind2=" " ind1=" " tag="520">
      <subfield code="a">Aquest estudi va analitzar la interacció del canvi organitzatiu, els valors culturals i el canvi tecnològic en el sistema sanitari català. L'estudi se subdivideix en cinc parts diferents. La primera és una anàlisi de contingut de webs relacionats amb la salut a Catalunya. La segona és un estudi dels usos d'Internet en qüestions relacionades amb la salut entre la població en general, les associacions de pacients i els professionals de la salut, i es basa en un sondeig per Internet adaptat a cada un d'aquests grups. La tercera part és un estudi de treball de camp dels programes experimentals duts a terme pel Govern català en diverses àrees i hospitals locals per a integrar electrònicament la història clínica dels pacients. La quarta és un estudi de les implicacions organitzatives de la introducció de sistemes d'informació en la gestió d'hospitals i centres d'assistència primària a l'Institut Català de Salut, el principal proveïdor de salut pública a Catalunya, i es basa en un sondeig per Internet i entrevistes en profunditat. La cinquena part és un estudi de cas dels efectes organitzatius i socials de la introducció de les tecnologies de la informació i la comunicació en un dels principals hospitals de Catalunya, l'Hospital Clínic de Barcelona. L'estudi es va dur a terme entre el maig del 2005 i el juliol del 2007.</subfield>
   </datafield>
   <datafield ind2=" " ind1=" " tag="520">
      <subfield code="a">Este estudio analizó la interacción del cambio organizativo, los valores culturales y el cambio tecnológico en el sistema sanitario catalán. El estudio se subdivide en cinco partes distintas. La primera es un análisis de contenido de webs relacionados con la salud en Catalunya. La segunda es un estudio de los usos de Internet en cuestiones relacionadas con la salud entre la población en general, las asociaciones de pacientes y los profesionales de la salud, y se basa en un sondeo por Internet adaptado a cada uno de estos grupos. La tercera parte es un estudio de trabajo de campo de los programas experimentales dirigidos por el Gobierno catalán en varias áreas locales y hospitales para integrar electrónicamente la historia clínica de los pacientes. La cuarta es un estudio de las implicaciones organizativas de la introducción de sistemas de información en la gestión de hospitales y centros de asistencia primaria en el Instituto Catalán de Salud, el mayor proveedor de salud pública en Catalunya, y se basa en un sondeo por Internet y entrevistas en profundidad. La quinta parte es un estudio de caso de los efectos organizativos y sociales de la introducción de las tecnologías de la información y la comunicación en uno de los principales hospitales en Catalunya, el Hospital Clínic de Barcelona. El estudio se llevó a cabo entre mayo del 2005 y julio del 2007.</subfield>
   </datafield>
   <datafield ind2=" " ind1=" " tag="520">
      <subfield code="a">This study analyzed the interaction between organizational change, cultural values and technological change in the Catalan health system. The study is subdivided in five distinct parts. The first one is a content analysis of the webs related to health in Catalonia. The second is a study of the uses of Internet in health related issues among the population at large, the patients' associations, and the health professionals, on the basis of an Internet survey adapted to each one of these groups. The third is a field work study of the experimental programs conducted by the Catalan government in several local areas and hospitals to integrate electronically the patients' clinical history. The fourth is a study of the organizational implications of the introduction of information systems in the management of hospitals and primary care centers in the Catalan Institute of Health, the major public health provider in Catalonia, on the basis of an Internet survey and in-depth interviewing. The fifth is a case study of the organizational and social effects of the introduction of information and communication technologies in one of the leading hospitals of Catalonia, the Clinic Hospital of Barcelona. The study was conducted between May 2005 and July 2007.</subfield>
   </datafield>
   <datafield ind1="8" ind2=" " tag="024">
      <subfield code="a">http://hdl.handle.net/10609/297</subfield>
   </datafield>
   <datafield tag="653" ind2=" " ind1=" ">
      <subfield code="a">Health -- Technological innovations -- Catalonia</subfield>
   </datafield>
   <datafield tag="653" ind2=" " ind1=" ">
      <subfield code="a">Public health administration -- Catalonia</subfield>
   </datafield>
   <datafield tag="653" ind2=" " ind1=" ">
      <subfield code="a">Health -- Information technology -- Catalonia</subfield>
   </datafield>
   <datafield tag="653" ind2=" " ind1=" ">
      <subfield code="a">Salut -- Innovacions tecnològiques -- Catalunya</subfield>
   </datafield>
   <datafield tag="653" ind2=" " ind1=" ">
      <subfield code="a">Salut pública -- Administració -- Catalunya</subfield>
   </datafield>
   <datafield tag="653" ind2=" " ind1=" ">
      <subfield code="a">Salut -- Tecnologia de la informació -- Catalunya</subfield>
   </datafield>
   <datafield tag="653" ind2=" " ind1=" ">
      <subfield code="a">Salud -- Innovaciones tecnológicas -- Cataluña</subfield>
   </datafield>
   <datafield tag="653" ind2=" " ind1=" ">
      <subfield code="a">Salud pública - Administración -- Cataluña</subfield>
   </datafield>
   <datafield tag="653" ind2=" " ind1=" ">
      <subfield code="a">Salud -- Tecnología de la información -- Cataluña</subfield>
   </datafield>
   <datafield ind2="0" ind1="0" tag="245">
      <subfield code="a">Modernització tecnològica, canvi organitzatiu i serveis als usuaris en el sistema de salut de Catalunya. Informe de recerca (volum II)</subfield>
   </datafield>
</record></metadata></record></GetRecord></OAI-PMH>